| 000 | 00345nam a22001457a 4500 | ||
|---|---|---|---|
| 020 | _qPB. | ||
| 040 | _cFIZZA ISHAQ | ||
| 082 |
_a005.133 _bBAR |
||
| 100 |
_aBURD, BARRY. _955397 |
||
| 245 |
_aJAVA FOR DUMMIES / _cBARRY BURD |
||
| 250 | _a7TH ED. | ||
| 260 |
_aNEW YORK : _bJOHN WILAY & SONS, _c2017. |
||
| 300 | _a488 P. ; | ||
| 942 |
_2ddc _cBK |
||
| 999 |
_c566252 _d566252 |
||